| 000 | 00366nam a22001457a 4500 | ||
|---|---|---|---|
| 020 | _a0140620273 | ||
| 040 | _cNUST | ||
| 082 |
_221st: _a823.8 _bELI |
||
| 100 |
_aEliot, George _9349 |
||
| 245 | _aThe Mill on the Floss/ | ||
| 260 |
_aEngland: _bPenguin Books, _cc1994. |
||
| 300 |
_avii,535p. : _c21cm. |
||
| 440 |
_aThe Mill o the Floss _9129319 |
||
| 942 |
_2ddc _cBK |
||
| 999 |
_c614025 _d614025 |
||